Predbežná bilancia peňažných príjmov a výdavkov obyvateľstva SR za 1.-2. štvrťrok 1992

Salvato in:
Dettagli Bibliografici
Natura: Libro
Lingua:slovacco
Pubblicazione: Bratislava Slovenský štatistický úrad 1992
Tags: Aggiungi Tag
Nessun Tag, puoi essere il primo ad aggiungerne!!

MARC

LEADER 00000nam a2200000 4500
001 c002249
005 20260210134125.5
041 0 |a slo 
044 |a SK 
245 1 0 |a Predbežná bilancia peňažných príjmov a výdavkov obyvateľstva SR za 1.-2. štvrťrok 1992 
264 1 |a Bratislava  |b Slovenský štatistický úrad  |c 1992 
300 |a 16 s.